000 00424nam a2200145Ia 4500
003 OSt
005 20260226101137.0
008 211028s2019 xx 000 0 und d
040 _cAIMIT LIBRARY
041 _aeng
100 _aKumar H B, Manoj; Thomas, Babu.
_g1716102
_98080
245 _aStudy on quality of service delivery in Big Bazar Bejai Mangalore /
260 _aMangalore
_bRowena Wright
_c2019
942 _2ddc
_cPRO
999 _c219648
_d219648